Amphibious Fishes - Statistics

General Stats
  • This quiz has been taken 33 times
  • The average score is 5 of 14
Answer Stats
Answer % Correct
Mudskipper
95%
Lungfish
84%
Snakehead
42%
Walking Catfish
42%
Climbing Perch
32%
Epaulette Shark
32%
Chain Moray
26%
Swamp Eel
26%
American Eel
21%
European Eel
16%
Mangrove Killifish
16%
Rockskipper
16%
Nile Bichir
11%
Woolly Sculpin
11%
No matching quizzes found
Score Distribution
Percent of People with Each Score
Percentile by Number Answered
Your Score History
You have not taken this quiz